| 000 | 00725nam a2200205 a 4500 | ||
|---|---|---|---|
| 001 | BRCA_600 | ||
| 005 | 20190320203100.0 | ||
| 008 | 980116s1990 sp-a---###---f000-0#spa-d | ||
| 020 | _a8474836336 | ||
| 040 |
_aNYP _cNYP |
||
| 050 | 4 |
_aND813.G6 _b.G69 1990 |
|
| 245 | 1 | 0 |
_aGoya _btoros y toreros. |
| 260 |
_a[Madrid] _bMinisterio de Cultura _c1990 |
||
| 300 |
_a161 p. _bil. (algunas a color) _c28 cm. |
||
| 500 | _aCatálogo de la exposición realizada en la Real Academía de Bellas Artes de San Fernando (Madrid), 15 junio - 29 julio, 1990 | ||
| 504 | _aBibliografía: p. 159-161 | ||
| 600 | 1 | 4 |
_aGoya, Francisco _d1746-1828 _vExposiciones _92066 |
| 650 | 1 | 4 |
_aCorridas de toros en el arte _vExposiciones _92067 |
| 942 |
_2lcc _cB |
||
| 999 |
_c528 _d528 |
||